01176cam a22003255a 4500001000700000003000900007005001700016008004100033020001800074020001500092040004600107082002000153100003700173245008900210250002900299264004500328300004600373336002600419337002800445338002700473490002400500504004100524650006700565651001000632653002500642655002400667942001200691999001700703952013000720761587EG-ScBUE20220517121051.0680301s1987 enka f b 000 0 eng d a9780582523326 a058252332X aEG-ScBUE bengerdacEG-ScBUE dEG-ScBUE 04a428.24bALE2221 aAlexander, L. G.,eauthor.9735710aFluency in English :ban integrated course for advanced students /cL. G. Alexander. aTwenty-first impression. 1aHarlow, England :bLongman Group,c1987. axvi, 198 pages :billustrations ;c25 cm. 2rdacontentatextbtxt 2rdamediaaunmediatedbn 2rdacarrieravolumebnc0 aNew concept English aIncludes bibliographical references. 7aEnglish languagevTextbooks for foreign speakers.2BUEsh97358 2BUEsh bHHUUEENNcAugust2018 vReading book934232 2ddccBB c12150d12150 00102ddc40708AlahramaMAINbMAINc2NDd2009-07-01ePurchaseg28.40h72l0o428.24 ALEp000016711r2025-07-15 00:00:00yBB